Normal view
MARC view
- Public works
Entry Topical Term
001 - CONTROL NUMBER
- control field: 50416
003 - CONTROL NUMBER IDENTIFIER
- control field: NUST
005 - DATE AND TIME OF LATEST TRANSACTION
- control field: 20210314134627.0
008 - FIXED-LENGTH DATA ELEMENTS
- fixed length control field: 210314|| aca||aabn | a|a d
040 ## - CATALOGING SOURCE
- Original cataloging agency: NUST
- Transcribing agency: NUST
150 ## - HEADING--TOPICAL TERM
- Topical term or geographic name entry element: Public works
- Geographic subdivision: India
- General subdivision: History
670 ## - SOURCE DATA FOUND
- Source citation: Work cat.: (NUST): Macgeorge, G. W. 50415, Ways and works in India, 1894
